Conceptos de administración estratégica
Gardado en:
| Autor Principal: | |
|---|---|
| Outros autores: | |
| Formato: | Libro |
| Publicado: |
México : Pearson Educación
2003
|
| Materias: | |
| Etiquetas: |
Engadir etiqueta
Sen Etiquetas, Sexa o primeiro en etiquetar este rexistro!
|
MARC
| LEADER | 00000nam a2200000Ia 4500 | ||
|---|---|---|---|
| 003 | 000874 | ||
| 005 | 20221231143951.0 | ||
| 008 | 140114s2003 mx a 000 ||s d | ||
| 020 | |a 9702604273 | ||
| 040 | |c cru CEDI | ||
| 082 | |a 658.401.2 D249c9 | ||
| 100 | |9 18621 |a David, Fred R. | ||
| 245 | |a Conceptos de administración estratégica | ||
| 260 | |a México : Pearson Educación |c 2003 | ||
| 300 | |a xxx, 336 páginas : ilustraciones. | ||
| 500 | |a Traducción de: Strategic management: concepts, 9. ed. | ||
| 600 | 0 | |9 18634 |c Traductor | |
| 650 | |x PLANIFICACION ESTRATEGICA |x PLANIFICACION EMPRESARIAL |9 18636 | ||
| 700 | |9 18635 |a Sánchez Carrión, Miguel Ángel |d Traductor | ||
| 942 | |2 ddc |c BK | ||
| 999 | |c 14928 |d 14928 | ||



